| 000 | 00712nam a2200217 a 4500 | ||
|---|---|---|---|
| 005 | 20240213063905.0 | ||
| 008 | 991125s1973 new 000 0 eng u | ||
| 020 | _a0125156502 | ||
| 035 | _aUPN01000038453 | ||
| 049 | _aCG | ||
| 050 | 4 |
_aBF712 _bL5.2 |
|
| 111 | 2 |
_aLife-Span Development Psychology Conference _n(2° : _d1972 : _cVirginia, E.U.A.) |
|
| 245 | 1 | 0 |
_aMethodological issues / _ced. by John R. Nesselroade and Hayne W. Reese. |
| 260 |
_aNew York : _bAcademic, _c1973. |
||
| 300 |
_a364 p. : _bil. |
||
| 650 | 4 |
_aFamilias _vCongresos _919841 |
|
| 650 | 4 |
_aPSICOLOGIA EXPERIMENTAL - _vCONGRESOS |
|
| 700 | 1 |
_aNesselroade, John R., _eed. |
|
| 700 | 1 |
_aReese, Hayne Waring, _d1931- , _eed. |
|
| 905 | _aLibro | ||
| 999 |
_c38453 _d38453 |
||